Every Song by Queen - Statistics

General Stats
  • This quiz has been taken 95 times
    67 since last reset
  • The average score is 46 of 175
Answer Stats
Album Song % Correct
A Night at the Opera(1975) Bohemian Rhapsody
98%
News of the World(1977) We Are the Champions
77%
Jazz(1978) Don't Stop Me Now
75%
Hot Space(1982) Under Pressure
75%
News of the World(1977) We Will Rock You
75%
Sheer Heart Attack(1974) Killer Queen
74%
The Works(1984) Radio Ga Ga
74%
The Works(1984) I Want to Break Free
72%
A Kind of Magic(1986) A Kind of Magic
70%
Jazz(1978) Bicycle Race
70%
The Game(1980) Another One Bites the Dust
66%
Jazz(1978) Fat Bottomed Girls
66%
Innuendo(1991) Innuendo
66%
A Night at the Opera(1975) I'm in Love with My Car
60%
A Day at the Races(1976) Somebody to Love
58%
News of the World(1977) Sheer Heart Attack
57%
Innuendo(1991) The Show Must Go On
57%
The Game(1980) Crazy Little Thing Called Love
55%
Made in Heaven(1995) Made in Heaven
53%
Queen II(1974) | Queen(1973) Seven Seas of Rhye
53%
The Miracle(1989) The Miracle
53%
A Night at the Opera(1975) You're My Best Friend
51%
Queen(1973) Keep Yourself Alive
49%
A Night at the Opera(1975) Love of My Life
49%
A Kind of Magic(1986) Who Wants to Live Forever
49%
The Works(1984) Hammer to Fall
47%
A Night at the Opera(1975) Death on Two Legs (Dedicated to...)
45%
The Miracle(1989) I Want It All
43%
A Night at the Opera(1975) Lazing on a Sunday Afternoon
42%
The Game(1980) Play the Game
42%
Sheer Heart Attack(1974) Stone Cold Crazy
42%
A Day at the Races(1976) Good Old-Fashioned Lover Boy
38%
A Day at the Races(1976) Tie Your Mother Down
38%
A Night at the Opera(1975) '39
36%
Sheer Heart Attack(1974) Brighton Rock
36%
A Kind of Magic(1986) One Vision
36%
A Night at the Opera(1975) The Prophet's Song
36%
Hot Space(1982) Body Language
34%
Sheer Heart Attack(1974) Now I'm Here
34%
Queen II(1974) White Queen (As It Began)
34%
The Game(1980) Don't Try Suicide
32%
A Night at the Opera(1975) God Save the Queen
32%
Jazz(1978) Mustapha
32%
The Game(1980) Save Me
32%
Queen II(1974) The March of the Black Queen
32%
Hot Space(1982) Back Chat
30%
Hot Space(1982) Cool Cat
30%
Sheer Heart Attack(1974) Flick of the Wrist
30%
A Kind of Magic(1986) Friends Will Be Friends
30%
Queen(1973) Great King Rat
30%
Sheer Heart Attack(1974) In the Lap of the Gods
30%
Queen(1973) Liar
30%
Queen II(1974) Ogre Battle
30%
A Kind of Magic(1986) Princes of the Universe
30%
News of the World(1977) Spread Your Wings
30%
The Miracle(1989) The Invisible Man
30%
A Day at the Races(1976) The Millionaire Waltz
30%
Innuendo(1991) I'm Going Slightly Mad
28%
The Works(1984) It's a Hard Life
28%
A Night at the Opera(1975) Seaside Rendezvous
28%
A Night at the Opera(1975) Sweet Lady
28%
Innuendo(1991) Headlong
26%
Sheer Heart Attack(1974) Lily of the Valley
26%
Sheer Heart Attack(1974) Tenement Funster
26%
Innuendo(1991) These Are the Days of Our Lives
26%
The Miracle(1989) Breakthru
25%
The Game(1980) Dragon Attack
25%
Flash Gordon(1980) Flash's Theme
25%
Sheer Heart Attack(1974) In the Lap of the Gods...Revisited
25%
Jazz(1978) More of That Jazz
25%
Sheer Heart Attack(1974) She Makes Me (Stormtrooper In Stilettos)
25%
News of the World(1977) All Dead, All Dead
23%
Innuendo(1991) Bijou
23%
Queen(1973) Doing All Right
23%
Queen II(1974) Father to Son
23%
Made in Heaven(1995) Heaven for Everyone
23%
Hot Space(1982) Life is Real(Song for Lennon)
23%
Queen II(1974) Nevermore
23%
Queen II(1974) Procession
23%
The Miracle(1989) Scandal
23%
Queen(1973) Son and Daughter
23%
Hot Space(1982) Staying Power
23%
Made in Heaven(1995) Too Much Love Will Kill You
23%
A Day at the Races(1976) You and I
23%
Sheer Heart Attack(1974) Bring Back That Leroy Brown
21%
Jazz(1978) In Only Seven Days
21%
Queen(1973) Jesus
21%
Sheer Heart Attack(1974) Misfire
21%
Queen(1973) My Fairy King
21%
The Game(1980) Sail Away Sweet Sister
21%
A Day at the Races(1976) Teo Torriatte (Let Us Cling Together)
21%
Jazz(1978) Dreamer's Ball
19%
A Day at the Races(1976) Drowse
19%
Queen II(1974) Funny How Love Is
19%
A Night at the Opera(1975) Good Company
19%
The Works(1984) Is This the World We Created?
19%
News of the World(1977) It's Late
19%
Made in Heaven(1995) I Was Born to Love You
19%
Made in Heaven(1995) Mother Love
19%
A Kind of Magic(1986) One Year of Love
19%
A Kind of Magic(1986) Pain is So Close to Pleasure
19%
Queen II(1974) The Loser in the End
19%
Made in Heaven(1995) Yeah
19%
The Game(1980) Coming Soon
17%
Jazz(1978) Fun It
17%
Made in Heaven(1995) It's a Beautiful Day
17%
Jazz(1978) Jealousy
17%
Hot Space(1982) Las Palabras de Amor (The Words of Love)
17%
The Miracle(1989) Party
17%
Queen(1973) The Night Comes Down
17%
Made in Heaven(1995) You Don't Fool Me
17%
Hot Space(1982) Action This Day
15%
Hot Space(1982) Calling All Girls
15%
Hot Space(1982) Dancer
15%
Innuendo(1991) Delilah
15%
News of the World(1977) Get Down, Make Love
15%
Jazz(1978) Leaving Home Ain't Easy
15%
Jazz(1978) Let Me Entertain You
15%
A Day at the Races(1976) Long Away
15%
Queen(1973) Modern Times Rock n' Roll
15%
The Game(1980) Need Your Loving Tonight
15%
Hot Space(1982) Put Out the Fire
15%
The Miracle(1989) Rain Must Fall
15%
The Game(1980) Rock It (Prime Jive)
15%
Queen II(1974) Some Day One Day
15%
The Works(1984) Tear It Up
15%
Queen II(1974) The Fairy-Feller's Master Stroke
15%
A Day at the Races(1976) White Man
15%
A Day at the Races(1976) You Take My Breath Away
15%
Made in Heaven(1995) 13/Untitled
13%
Made in Heaven(1995) A Winter's Tale
13%
Sheer Heart Attack(1974) Dear Friends
13%
A Kind of Magic(1986) Don't Lose Your Head
13%
Innuendo(1991) Don't Try So Hard
13%
News of the World(1977) Fight from the Inside
13%
A Kind of Magic(1986) Gimme the Prize(Kurgan's Theme)
13%
Innuendo(1991) I Can't Live With You
13%
The Works(1984) Keep Passing the Open Windows
13%
The Miracle(1989) Khashoggi's Ship
13%
Made in Heaven(1995) Let Me Live
13%
The Works(1984) Machines(or 'Back to Humans')
13%
The Miracle(1989) My Baby Does Me
13%
News of the World(1977) My Melancholy Blues
13%
News of the World(1977) Sleeping on the Sidewalk
13%
Flash Gordon(1980) The Hero
13%
The Miracle(1989) Was It All Worth It
13%
Innuendo(1991) All God's People
11%
Jazz(1978) Dead on Time
11%
Made in Heaven(1995) My Life Has Been Saved
11%
Innuendo(1991) Ride the Wild Wind
11%
Innuendo(1991) The Hitman
11%
Jazz(1978) If You Can't Beat Them
9%
Queen Forever(2014) Love Kills
9%
The Works(1984) Man on the Prowl
9%
Flash Gordon(1980) The Wedding March
8%
News of the World(1977) Who Needs You
8%
Flash Gordon(1980) Football Fight
6%
Flash Gordon(1980) In the Space Capsule (The Love Theme)
6%
Queen Forever(2014) Let Me in Your Heart Again
6%
Flash Gordon(1980) Ming's Theme (In the Court of Ming the Merciless)
6%
Flash Gordon(1980) Arboria (Planet of the Tree Men)
4%
Flash Gordon(1980) Battle Theme
4%
Flash Gordon(1980) Flash's Theme Reprise (Victory Celebrations)
4%
Flash Gordon(1980) Flash to the Rescue
4%
Flash Gordon(1980) The Kiss (Aura Resurrects Flash
4%
Queen Forever(2014) There Must Be More to Life Than This
4%
Flash Gordon(1980) Escape from the Swamp
2%
Flash Gordon(1980) Execution of Flash
2%
Flash Gordon(1980) In the Death Cell (Love Theme Reprise)
2%
Flash Gordon(1980) Marriage of Dale and Ming (And Flash Approaching)
2%
Flash Gordon(1980) The Ring (Hypnotic Seduction of Dale)
2%
Flash Gordon(1980) Crash Dive on Mingo City
0%
Flash Gordon(1980) Vultan's Theme (Attack of the Hawk Men)
0%
No matching quizzes found
Score Distribution
Percent of People with Each Score
Percentile by Number Answered
Your Score History
You have not taken this quiz since the last reset